000 00797nam a2200217Ia 4500
003 GCL
005 20240530095209.0
008 140319s9999 xx 000 0 ara d
020 _a3058610977
040 _aGCL /
_cGCL
082 0 4 _a953.073
_bق/ا ت
100 1 _aاحمد عبدالرازق احمد
245 1 0 _aتاريخ واثار مصر الاسلامية من الفتح العربى حتى نهاية العصر الفاطمى /
_cاحمد عبدالرازق احمد
260 _aالقاهرة :
_bدار الفكر العربى ،
_c1999
300 _a286+8 لوحة:
_bايض ؛
_c24 سم
650 0 4 _aالاثار الاسلامية
650 0 4 _aالمساجد - تاريخ
650 0 4 _aالفاطميون
650 0 4 _aالمساجد الاثرية
942 _2ddc
_cBK
999 _c4852
_d4852